LEADER 03931oam 2200769I 450 001 9910457563903321 005 20200520144314.0 010 $a1-134-51524-3 010 $a1-280-21588-7 010 $a9786610215881 010 $a0-203-48837-7 024 7 $a10.4324/9780203488379 035 $a(CKB)1000000000360448 035 $a(EBL)182241 035 $a(OCoLC)437250932 035 $a(SSID)ssj0000181444 035 $a(PQKBManifestationID)11181630 035 $a(PQKBTitleCode)TC0000181444 035 $a(PQKBWorkID)10165665 035 $a(PQKB)11485033 035 $a(SSID)ssj0001146087 035 $a(PQKBManifestationID)12374734 035 $a(PQKBTitleCode)TC0001146087 035 $a(PQKBWorkID)11124122 035 $a(PQKB)11677499 035 $a(MiAaPQ)EBC182241 035 $a(Au-PeEL)EBL182241 035 $a(CaPaEBR)ebr10162598 035 $a(CaONFJC)MIL21588 035 $a(OCoLC)252718170 035 $a(EXLCZ)991000000000360448 100 $a20180331d2005 uy 0 101 0 $aeng 135 $aur|n|---||||| 181 $ctxt 182 $cc 183 $acr 200 00$aInternational migration and the globalization of domestic politics /$fedited by Rey Koslowski 210 1$aLondon ;$aNew York :$cRoutledge,$d2005. 215 $a1 online resource (217 p.) 225 1 $aTransnationalism 300 $aDescription based upon print version of record. 311 $a0-415-42967-6 311 $a0-415-25815-4 320 $aIncludes bibliographical references and index. 327 $aIntroduction / Rey Koslowski -- International migration and the globalization of domestic politics : a conceptual framework / Rey Koslowski -- Immigrant organizations and the globalization of Turkey's domestic politics / Nedim O?gelman -- Mobilizing ethnic conflict : Kurdish separatism in Germany and the PKK / Alynna J. Lyon and Emek M. Uc?arer -- Israelis in a Jewish diaspora : the dilemmas of a globalized group / Gallya Lahav and Asher Arian -- Migrant membership as an instituted process : transnationalization, the state and the extra-territorial conduct of Mexican politics / Robert C. Smith -- Politics from outside : Chinese overseas and political and economic change in China / Amy L. Freedman -- Opposing constructions and agendas : the politics of Hindu and Indian American organizations / Prema Kurien -- A marooned diaspora : ethnic Russians in the near abroad and their impact on Russia's foreign policy and domestic politics / Robert A. Saunders. 330 $aIncreasing international migration, the information revolution and democratization have propelled a globalization of the domestic politics of many states and, although diasporic politics is not new, emigrant political participation in homeland politics has grown as well as adapted to the new methods of the information revolution. This book examines the participation of emigrants in their home country politics. It considers the consequences of such participation for domestic and foreign policies in both host and home country, and explores the theoretical implications for democracy, nationalism, 410 0$aTransnationalism. 606 $aImmigrants$xPolitical activity$vCase studies 606 $aEmigration and immigration$xPolitical aspects 606 $aWorld politics$y1989- 606 $aGlobalization$xPolitical aspects 608 $aElectronic books. 615 0$aImmigrants$xPolitical activity 615 0$aEmigration and immigration$xPolitical aspects. 615 0$aWorld politics 615 0$aGlobalization$xPolitical aspects. 676 $a325/.1 686 $a74.94$2bcl 701 $aKoslowski$b Rey$0148354 801 0$bMiAaPQ 801 1$bMiAaPQ 801 2$bMiAaPQ 906 $aBOOK 912 $a9910457563903321 996 $aInternational migration and the globalization of domestic politics$92014108 997 $aUNINA LEADER 03954nam 22006735 450 001 9910908363103321 005 20260306110453.0 010 $a9783031632570 010 $a3031632575 024 7 $a10.1007/978-3-031-63257-0 035 $a(MiAaPQ)EBC31783880 035 $a(Au-PeEL)EBL31783880 035 $a(CKB)36583474500041 035 $a(DE-He213)978-3-031-63257-0 035 $a(OCoLC)1473346725 035 $a(EXLCZ)9936583474500041 100 $a20241115d2024 u| 0 101 0 $aeng 135 $aurcnu|||||||| 181 $ctxt$2rdacontent 182 $cc$2rdamedia 183 $acr$2rdacarrier 200 10$aLacan + Architecture /$fedited by John Shannon Hendrix, Francesco Proto 205 $a1st ed. 2024. 210 1$aCham :$cSpringer Nature Switzerland :$cImprint: Palgrave Macmillan,$d2024. 215 $a1 online resource (394 pages) 225 1 $aThe Palgrave Lacan Series,$x2946-420X 311 08$a9783031632563 311 08$a3031632567 327 $a1. Introduction - John Shannon Hendrix and Francesco Proto -- 2. Adam?s House on Earth: Architectural and Libidinal Tensions in Lars von Trier?s The House That Jack Built - Angie Voela -- 3. The Architect in the Clinic of Obsessional Neurosis: From Anamorphosis to Artificial Intelligence - Tim Martin -- 4. The Automatic Writing of the City: Psychosis and Junkspace - Francesco Proto -- 5. Concentricity of Laws of Form - Don Kunze -- 6. My Neighbour My Self in the Ethics of Architecture and Psychoanalysis - Lorens Holm -- 7. Lacan?s Thing with Architecture: Rimming the Void / Petrifying Pain - Andrew Payne -- 8. A Subjectless Architecture - John Shannon Hendrix -- 9. Theorizing Beyond Joan Copjec?s ?The Strut of Vision? - Don Kunze. 330 $aThis book seeks to revise and revive architectural theory through psychoanalysis as well to apply psychoanalytic theory to architecture. Its authors argue for Lacan?s central importance for a comprehensive theory of building and suggest how architectural theory might offer new resources for psychoanalytic theorists. They address both the perceived crisis in the contemporary state of architecture and architectural theory as well as crises in society at large, including political and economic fracture and instability and threats to mental health and well-being. It offers fresh insights to architects, architectural educators, scholars of psychoanalysis, and anyone interested in the human condition in relation to the built environment. John Shannon Hendrix is Professor of Art and Architectural History at Cummings School of Architecture, Roger Williams University, United States. He is the author and editor of numerous articles and books including Architecture and the Unconscious (2016, with Lorens Eyan Holm) and Architecture and Psychoanalysis (2006). Francesco Proto is Senior Lecturer in Architecture at Oxford Brookes University, UK. He is the author of numerous articles and books including Baudrillard for Architects (2019). 410 0$aThe Palgrave Lacan Series,$x2946-420X 606 $aPsychoanalysis 606 $aArchitecture$xHistory 606 $aCritical theory 606 $aPsychoanalysis 606 $aArchitectural History and Theory 606 $aCritical Theory 606 $aPsiquiatria$2thub 606 $aArquitectura$2thub 608 $aLlibres electrònics$2thub 615 0$aPsychoanalysis. 615 0$aArchitecture$xHistory. 615 0$aCritical theory. 615 14$aPsychoanalysis. 615 24$aArchitectural History and Theory. 615 24$aCritical Theory. 615 7$aPsiquiatria 615 7$aArquitectura 676 $a720.19 700 $aHendrix$b John Shannon$0899828 701 $aProto$b Francesco$01775822 801 0$bMiAaPQ 801 1$bMiAaPQ 801 2$bMiAaPQ 906 $aBOOK 912 $a9910908363103321 996 $aLacan + Architecture$94290976 997 $aUNINA